Statistics for Operas by Major Character

Click here to take the quiz!

General Stats

  • This quiz has been taken 73 times
  • The average score is 12 of 20

Answer Stats

characteropera% Correct
Escamillo, a toreadorCarmen
94%
Oroveso, Norma's fatherNorma
86%
Papageno, a simplish manThe Magic Flute
83%
Lensky, shot by Eugene in a duelEugene Onegin
82%
Mimi, Rodolfo's loverLa bohème
82%
Desdemona, a Moorish general's wifeOtello
82%
Donna ElviraDon Giovanni
72%
Peter Grimes, a fishermanPeter Grimes
72%
the beautiful RosinaThe Barber of Seville
71%
Orfeo, a musician and prophetOrpheus and Eurydice
68%
Scarpia, the chief of policeTosca
66%
Crown, Bess's boyfriendPorgy and Bess
62%
Nemorino, in love with AdinaThe Elixir of Love
54%
Wotan, a godDie Walküre
51%
Hanna Glawari, a widow who doesn't mind being oneThe Merry Widow
49%
Don Magnifico, the wicked stepfatherCindarella
43%
Puck, a michievous elfOberon
32%
Lucretia, wife of CollatinusThe Rape of Lucretia
26%
Örzse, Hary's fiancéeHáry János
8%
Hedwige, Bill's wifeWilliam Tell
5%

Score Distribution

Percentile by Number Answered

Percent of People with Each Score

Your Score History

You have not taken this quiz